100 à la suite : géographie - Statistiques

Statistiques générales
  • Ce quiz a été pris 151 fois
  • Le résultat moyen est 35 sur 100
Statistiques - réponses
Hint Réponse % Correct
Pays des Kangourous Australie
94%
Sa capitale est Tirana Albanie
91%
Sa plus grande ville est Minsk Biélorussie
83%
Pays du Maghreb Libye
81%
Pays d'Amérique centrale Nicaragua
80%
Pays d'Asie du Sud-Est sans accès à la mer Laos
78%
Capitale d'Arabie-Saoudite Riyad
76%
Le nom de sa capitale est la même que le nom du pays Guatemala
75%
Son homonyme est une usine où l'on débite les troncs d'arbres à la machine Syrie
69%
Pays qui abrite le Kremlin Russie
65%
Capitale du pays des tulipes Amsterdam
63%
Sa capitale est Vilnius Lituanie
59%
"Abaisse" est un synonyme de cette capitale d'Afrique du Nord | Ah ben zut alors, je l'ai déjà mis celui-là (désolée)/ capitale du Maroc Rabat
57%
Micro-Etat enclavé dans la ville de Rome Vatican
57%
Pays du Soleil Levant Japon
56%
Mer de Marseille Méditerranée
56%
Pays d'Afrique de l'Ouest sont la capitale commence par la même lettre que son pays Niger
54%
Ville où les dimanches, c'est les jours de mariage Bamako
52%
Sa capitale fut chantée par Renaud et Axelle Red Afghanistan
51%
Dar Es Salam est son ancienne capitale Tanzanie
51%
Plus grand lac d'Afrique Victoria
51%
Capitale du pays dont l'homonyme est une usine où l'on débite les troncs d'arbres à la machine Damas
50%
Elle fut chantée par Renaud et Axelle Red Kaboul
47%
Capitale la plus élevée d'Afrique Addis-Abeba
45%
Chaîne de montagnes du Tibet Himalaya
45%
Capitale dont le pays signifie "pays de glace" Reykjavik
45%
Région d'Asie peu peuplée Sibérie
45%
L'océanie en est un Continent
44%
Pays anglophone situé au sud-est de la Floride Bahamas
43%
Département français qui abrite Orléans Loiret
43%
Etats du centre des Etats-Unis Nebraska
43%
Pays frontalier de Djibouti Somalie
43%
Capitale de l'Albanie Tirana
43%
Capitale qui s'écrit aussi Bissao Bissau
42%
Ville japonaise, cible du deuxième bombardement atomique de l'histoire par les États-Unis durant la deuxième mondiale Nagasaki
42%
Capitale de la Slovaquie Bratislava
41%
District situé dans le Grand Londres connu pour son club de foot Tottenham
40%
Capitale de l'Azerbaïdjan Bakou
39%
Capitale de la République démocratique du Congo Kinshasa
39%
Région française du Nord-Ouest Normandie
39%
Principal port de Nouvelle-Calédonie Nouméa
39%
Ville d'Ukraine célèbre pour sa conférence Yalta
39%
Pays d'Asie de l'Est limitrophe de la Chine Corée du Nord
38%
Capitale d'un des pays d'Afrique recommandé pour faire un safari Nairobi
37%
Nom des habitants du Togo Togolais
37%
Ville qui fut le théâtre de l'assassinat de l'archiduc François-Ferdinand d'Autriche, qui déclencha le début de la Première Guerre mondiale. Sarajevo
35%
Ville d'Allier connue pour ses pastilles Vichy
35%
Ville du Mexique et chien Chihuahua
34%
Ville du Nord où furent fondées les principales maisons de vente par correspondance françaises Roubaix
31%
Département dont la plus grande ville est Le Havre Seine-Maritime
31%
Ville qui touche le 16 ème arrondissement de Paris Boulogne-Billancourt
30%
Plus grande ville du Bénin Cotonou
30%
Ville qui abrite le Centre spatial guyanais Kourou
29%
Capital du Timor Oriental Dili
28%
Région qui résulte de la fusion des anciennes régions administratives Alsace, Champagne-Ardenne et Lorraine. Grand Est
28%
Capitale du Nigéria Abuja
27%
Pont de Venise Rialto
26%
Capitale d'un pays d'Afrique australe sans accès à la mer Maseru
25%
Nom des habitants de Sienne Siennois
25%
Station de ski des Vosges où se déroule également le festival international du film fantastique Gerardmer
24%
Sa capitale est Lilongwe Malawi
24%
Capitale qui commence par la même lettre que son pays Niamey
24%
Nom d'une région côtière de la côte d'Azur Riviera
24%
Capitale économique du Cameroun Douala
23%
Ville d'Asie du Sud haut-lieu de la vague hippie des années 60/70 Katmandou
23%
Capitale synonyme de "frotta" Lima
23%
Nom des habitants de Nancy Nancéens
23%
Relatif à l'hindouisme Hindou
21%
Département français du Val de Loire Maine-et-Loire
21%
Ville de Haute-Corse Calvi
20%
Ville d'Ille-et-Vilaine réputée pour ses huitres Cancale
20%
Honshu l'abrite aussi Kyoto
20%
Capitale de la Guinée-Equatoriale Malabo
20%
Ville de Seine-Saint-Denis dans l'aire d'attaction de Paris près de Neuilly-sur-Marne Noisy-le-Grand
20%
Ancienne capitale de l'Inde Pondichéry
20%
Pays d'Asie du Sud-Est ou d'Océanie Timor Oriental
20%
Station balnéaire de Gironde prisée par les surfeurs Lacanau
19%
Honshu l'abrite Tokyo
19%
île de Polynésie Bora-Bora
17%
Parc national des Alpes-Maritimes et des Alpes-de-Haute-Provence Mercantour
17%
Ville de l'Aube dont les habitants sont appelés les nogentais Nogent-sur-Seine
17%
Ville de Belgique, chef-lieu d’arrondissement de la province de Hainaut Tournai
16%
Célèbre château de Maincy, près de Melun Vaux-le-Vicomte
16%
Etat du Midwest des Etats-Unis dont Milwaukee est la ville la plus peuplée Wisconsin
15%
Ville du Nord située à 38 km de Lille Douai
14%
Ville universitaire du centre du Portugal Coimbra
13%
Capitale de la Floride Tallahassee
13%
Etat du Sud-Central des Etats-Unis Oklahoma
10%
Ville du Sud-Est de la Tunisie Tataouine
9%
Commune et vin d'Algérie Sidi Brahim
8%
Surnom de Las Végas et Film Sin City
8%
Estuaire de la Californie Baie de San Francisco
5%
Cours d'eau naturel Rio
5%
Massif montagneux des Préalpes Massif du Vercors
4%
Ville de Seine-Saint-Denis qui tire son nom des deux pavillons de garde bâtis en 1770 et qui se dressaient à l'entrée du domaine du Raincy. Les-Pavillons-Sous-Bois
3%
Ville qui abrite la plage du débarquement de Normandie "Juno Beach" Courseulles-sur-Mer
2%
Lieu important de la série "La Petite Maison Dans La Prairie" Winoka
2%
Ville d'Allier limitrophe de la forêt de Tronçais qui fut au Moyen Âge une des dix-sept châtellenies des ducs de Bourbon en Bourbonnais. Ainay-le-Château
1%
Ville des Yvelines près de Trappes Bois d'Arcy
1%
Aucun quiz correspondant
Distribution des résultats
% des personnes avec chaque résultat
Percentile par nombre de réponses
Votre historique - résultats
Vous n’avez pas pris ce quiz